| 000 | 00472nam a2200193Ia 4500 | ||
|---|---|---|---|
| 005 | 20250423095616.0 | ||
| 008 | 250422s9999 xx 000 0 und d | ||
| 020 | _a9786050905113 | ||
| 050 | _aHM 756 .I45/ | ||
| 100 | _aIlıcak, Nazlı | ||
| 245 | 0 | _aHer taşın altında ‘The Cemaat’ mi var? | |
| 250 | _a17. bsm. | ||
| 260 | _aİstanbul | ||
| 260 | _bDoğan Kitap | ||
| 260 | _c2012 | ||
| 300 | _a336 p | ||
| 650 | _aCommunity Toplum Cemaat | ||
| 942 | _cBK | ||
| 999 |
_c30788 _d30788 |
||